Efektívna regulácia sieťových odvetví - impulz rozvoja ekonomiky

Saved in:
Bibliographic Details
Main Author: Fendeková, Eleonora, 1952-
Other Authors: Fendek, Michal
Format: Book Chapter
Language:Slovak
Tags: Add Tag
No Tags, Be the first to tag this record!

MARC

LEADER 00000naa$a2200000$$$4500
001 0214582
005 20240502073604.1
041 0 |a slo 
044 |a SK 
245 1 0 |a Efektívna regulácia sieťových odvetví - impulz rozvoja ekonomiky  |c Eleonora Fendeková, Michal Fendek 
100 1 |a Fendeková, Eleonora, 1952- 
700 1 |a Fendek, Michal